[Event "SLO-ch"]
[Site "Dobrna"]
[Date "2002.08.04"]
[Round "2"]
[White "Znidarcic, Andrej"]
[Black "Babnik, Igor"]
[Result "1-0"]
[WhiteElo "2220"]
[BlackElo "2179"]
[PlyCount "104"]
[EventDate "2002.08.03"]
[EventType "k.o."]
[EventRounds "7"]
[EventCountry "SLO"]
[SourceTitle "CBM 089 Extra"]
[Source "ChessBase"]
[SourceDate "2002.09.10"]
[SourceVersion "2"]
[SourceVersionDate "2002.09.10"]
[SourceQuality "1"]

1. e4 g6 2. Nf3 Bg7 3. d4 d6 4. h3 c5 5. Bb5+ Bd7 6. Bxd7+ Nxd7 7. 0-0 Qb6 8. c3 e5 9. dxe5 dxe5 10. Na3 Ngf6 11. Re1 Qc6 12. Nc4 Qe6 13. Qb3 0-0 14. Bg5 Rab8 15. Bxf6 Bxf6 16. Ne3 Rfe8 17. Nd5 Bd8 18. Rad1 Nf8 19. Re2 h6 20. Kh2 Kg7 21. g3 Qc6 22. Qc2 b5 23. a3 a5 24. Re3 Rb7 25. Re2 Qc8 26. Qd3 c4 27. Qd2 Qb8 28. Kg2 Ne6 29. Qc2 Nc5 30. Ne1 Qc8 31. Red2 Bg5 32. Re2 Qe6 33. h4 Bd8 34. Red2 Nb3 35. Re2 f6 36. h5 Bb6 37. hxg6 Bc5 38. Nf3 Qg4 39. Nh4 Qg5 40. Rh1 h5 41. Qd1 Rh8 42. Rc2 Rd8 43. Qe2 Rbd7 44. Qf3 Ba7 45. Rh3 Nc5 46. Nf5+ Kxg6 47. Nfe7+ Kf7 48. Rxh5 Qg7 49. Nf5 Qg6 50. Rh6 Qg5 51. Rxf6+ Ke8 52. Nd6+ Rxd6 1-0

[Event "SLO-ch"]
[Site "Skofja Loka"]
[Date "2000.??.??"]
[Round "?"]
[White "Babnik, Igor"]
[Black "Mazi, Leon"]
[Result "1/2-1/2"]
[WhiteElo "2170"]
[BlackElo "2383"]
[PlyCount "68"]
[EventDate "2000.11.??"]
[EventType "swiss"]
[EventRounds "6"]
[EventCountry "SLO"]
[SourceTitle "CBM 079 Extra"]
[Source "ChessBase"]
[SourceDate "2001.01.11"]
[SourceVersion "2"]
[SourceVersionDate "2001.01.25"]
[SourceQuality "1"]

1. d4 Nf6 2. Bg5 d5 3. c4 e6 4. e3 Be7 5. Nc3 0-0 6. Nf3 Nbd7 7. c5 Re8 8. b4 Nf8 9. Bd3 c6 10. 0-0 N6d7 11. Bxe7 Rxe7 12. e4 dxe4 13. Nxe4 e5 14. Nd6 exd4 15. Nxd4 Nf6 16. Bf5 Bxf5 17. N4xf5 Rd7 18. Qb3 Nd5 19. Ne3 Nf4 20. Qc4 Qg5 21. g3 N8e6 22. h4 Qg6 23. Kh2 Nh5 24. Ng4 Rc7 25. Rae1 Nhf4 26. f3 Nd5 27. Ne5 Qf6 28. f4 h5 29. a4 a6 30. b5 axb5 31. axb5 Rd8 32. bxc6 bxc6 33. Ne4 Qf5 34. Nd6 Qf6 1/2-1/2

[Event "SLO-ch"]
[Site "Skofja Loka"]
[Date "2000.??.??"]
[Round "?"]
[White "Podkriznik, Gregor"]
[Black "Babnik, Igor"]
[Result "1/2-1/2"]
[WhiteElo "2341"]
[BlackElo "2170"]
[PlyCount "54"]
[EventDate "2000.11.??"]
[EventType "swiss"]
[EventRounds "6"]
[EventCountry "SLO"]
[SourceTitle "CBM 079 Extra"]
[Source "ChessBase"]
[SourceDate "2001.01.11"]
[SourceVersion "2"]
[SourceVersionDate "2001.01.25"]
[SourceQuality "1"]

1. e4 d6 2. d4 Nf6 3. Nc3 g6 4. Be3 Bg7 5. Qd2 c6 6. f3 b5 7. g4 Qa5 8. h4 h5 9. g5 Nfd7 10. Nge2 c5 11. dxc5 b4 12. Nd5 dxc5 13. c3 Nc6 14. cxb4 Nxb4 15. Kf2 Rb8 16. Rd1 Bxb2 17. Nc1 Bxc1 18. Rxc1 Qxa2 19. Qxa2 Nxa2 20. Rc2 Nb4 21. Nxb4 Rxb4 22. Bxc5 Nxc5 23. Rxc5 Rb2+ 24. Kg3 0-0 25. Bc4 Be6 26. Bxe6 fxe6 27. Rc7 Rb3 1/2-1/2